000 01203nam a2200313 i 4500
003 EG-GICUC
005 20260212151541.0
008 260212s2002 it ||||fr ||| 00| 0 ita d
040 _aEG-GICUC
_cEG-GICUC
_dEG-GICUC
_erda
_bita
041 _aeng
082 0 4 _221
_a341.77
_bI N . I
092 0 4 _221
099 _aLaw1 11 341.77 I N . I 2002
110 1 _eAuthor.
_aInternational Institute Of Higher Studies In Criminal Sciences
245 _aIstituto Superiore Internazionale Di Scienze Criminali /
_cInternational Institute Of Higher Studies In Criminal Sciences .
246 1 _aInternational Institute Of Higher Studies In Criminal Sciences
246 1 _aInstitut Supérieur International Des Sciences Criminelles
264 0 _aItaly :
_bInternational Institute Of Higher Studies In Criminal Sciences ,
_c2002 .
300 _a171 Pages;
_c30 cm.
336 _atext
_2rda content
337 _aComputer
_2rda media
338 _aOnline Resource
_2rda carrier
546 _aMultilingual
650 0 4 _aDiritto Internazionale Pubblico
650 0 4 _aDiritto Penale Internazionale
856 _uhttps://fll.law.cu.edu.eg/fulltext/th/B11-07267.pdf
905 _a59
942 _2ddc
_cBK
_e21
_n0
999 _c62814
_d62814